Más cuartillas /

Збережено в:
Бібліографічні деталі
Автор: Groizard y Coronado, Carlos (autor)
Формат: Книга
Мова:Іспанська
Предмети:
Теги: Додати тег
Немає тегів, Будьте першим, хто поставить тег для цього запису!

MARC

LEADER 00000nam^a2200000^a^4500
001 000304602
005 20250526000000.0
009 20260310112722.291
037 |a Acervo Xavier Clavigero 
041 |a ESP 
082 |a 863.  |b GRO 
100 |a Groizard y Coronado, Carlos  |e (autor) 
245 1 0 |a Más cuartillas /  |c C. Groizard y Coronado. 
264 |a Madrid, España :  |b Librería de Fernando Fe,  |c 1901 
300 |a 244 p. ;  |c 17.0 cm. 
336 |a texto  |b txt  |2 rdacontenido 
337 |a sin mediación  |b n  |2 rdamedio 
338 |a volumen  |b nc  |2 rdasoporte 
649 |a XX 
650 |a Cuentos Españoles 
650 |a Literatura Española -  |y Siglo XIX 
910 |a Fondo General 
920 |a Impresos - Libros 
930 |a Libros Antiguos y Raros 
940 |a Literatura 
905 |a 108 
901 |a 057772  |b IT2  |c LRA  |u 20250526 
902 |a https://opac.biblio.iteso.mx/vufind/Record/000304602